000
00276nam a22001097a 4500
040
_c
SY
100
_a
NGIN CHHAY; ងិនឆាយ
245
_a
Crop protechion, កិច្ចការពារដំណាំ
260
_a
RUA
_b
NGI
_c
1997
300
_a
140p.
942
_c
KB
999
_c
9510
_d
9510